[Event "Ibercaja op 11th"]
[Site "Zaragoza"]
[Date "1999.??.??"]
[Round "6"]
[White "Lopez Garcia, Fernando"]
[Black "Todorcevic, Miodrag"]
[Result "0-1"]
[WhiteElo "2205"]
[BlackElo "2465"]
[PlyCount "64"]
[EventDate "1999.04.??"]
[EventType "swiss"]
[EventRounds "9"]
[EventCountry "ESP"]
[SourceTitle "EXT 2000"]
[Source "ChessBase"]
[SourceDate "1999.11.16"]
[SourceVersion "1"]
[SourceVersionDate "1999.11.16"]
[SourceQuality "1"]

1. e4 g6 2. d4 Bg7 3. Nc3 d6 4. g3 Nc6 5. Be3 e5 6. dxe5 Nxe5 7. f4 Nd7 8. Nge2 Ngf6 9. Bg2 0-0 10. 0-0 Re8 11. h3 Nb6 12. Qd3 c6 13. Rad1 d5 14. b3 Qe7 15. Bxb6 dxe4 16. Nxe4 axb6 17. N2c3 Bf5 18. Rde1 Rad8 19. Qf3 Nd5 20. Kh2 Nxc3 21. Nxc3 Qxe1 22. Rxe1 Rxe1 23. g4 Bxc2 24. Qf2 Bxc3 25. Qxc2 Re3 26. Qf2 Rdd3 27. g5 Be1 28. Qb2 Bg3+ 29. Kg1 Rd1+ 30. Bf1 Rf3 31. Qe5 Rfxf1+ 32. Kg2 Rg1+ 0-1

[Event "Ibercaja op 11th"]
[Site "Zaragoza"]
[Date "1999.??.??"]
[Round "8"]
[White "Ricardi, Pablo"]
[Black "Lopez Garcia, Fernando"]
[Result "1-0"]
[WhiteElo "2525"]
[BlackElo "2205"]
[PlyCount "39"]
[EventDate "1999.04.??"]
[EventType "swiss"]
[EventRounds "9"]
[EventCountry "ESP"]
[SourceTitle "EXT 2000"]
[Source "ChessBase"]
[SourceDate "1999.11.16"]
[SourceVersion "1"]
[SourceVersionDate "1999.11.16"]
[SourceQuality "1"]

1. Nf3 Nf6 2. g3 b6 3. Bg2 Bb7 4. c4 e6 5. 0-0 Be7 6. Nc3 0-0 7. Re1 d5 8. cxd5 exd5 9. d4 Na6 10. Bg5 Re8 11. Rc1 c5 12. a3 h6 13. Bf4 Nc7 14. dxc5 bxc5 15. Qb3 Bc6 16. Ne5 Rb8 17. Qa2 Ba8 18. e4 Ne6 19. Nxf7 Kxf7 20. Bxb8 1-0